000 00608nam a2200229Ia 4500
003 OSt
005 20220928115632.0
006 a|||||r|||| 00| 0
007 ta
008 220927b |||||||| |||| 00| 0 eng d
024 _a26180
037 _cTextual
040 _aSDCL
_cSDCL
_beng
041 _2eng
_aeng
082 _aV1(Q7)'P, P0
100 _aSchulze Reinhard
_9445244
245 0 _aModern History of the Islamic world.
260 _aLondon
_bI B Publishers
_c2000
300 _axi,281p
_ccm.
942 _hV1(Q7)'P, P0
_cTEXL
_2CC
999 _c760217
_d760217